Notice sur une pyrite stannifère (ballestérosite) et sur quelques gisements d'étain en Espagne / (Record no. 189266)

MARC details
000 -LEADER
campo de control de longitud fija 00829nam a2200181 i 4500
001 - NÚMERO DE CONTROL
campo de control 189266
003 - IDENTIFICADOR DE NÚMERO DE CONTROL
campo de control ES-MaACL
005 - FECHA Y HORA DE LA ÚLTIMA TRANSACCIÓN
campo de control 20251203063035.0
008 - DATOS DE LONGITUD FIJA--INFORMACIÓN GENERAL
campo de control de longitud fija 190516s1850 fr |||| | fre d
100 1# - ENTRADA PRINCIPAL--NOMBRE DE PERSONA
Nombre de persona Schulz, Guillermo,
Fechas asociadas al nombre 1805-1877
9 (RLIN) 104793
245 10 - MENCIÓN DEL TÍTULO
Título Notice sur une pyrite stannifère (ballestérosite) et sur quelques gisements d'étain en Espagne /
Mención de responsabilidad, etc. par Guillaume Schulz et Adrien Paillette.
260 ## - PUBLICACIÓN, DISTRIBUCIÓN, ETC.
Lugar de publicación, distribución, etc. Paris :
Nombre del editor, distribuidor, etc. [s.n.],
Fecha de publicación, distribución, etc. 1850 (
Fabricante Imp. de L. Martinez)
300 ## - DESCRIPCIÓN FÍSICA
Extensión 12 p. ;
Dimensiones 21 cm.
650 #4 - PUNTO DE ACCESO ADICIONAL DE MATERIA--TÉRMINO DE MATERIA
Término de materia o nombre geográfico como elemento de entrada Piritas-
Subdivisión geográfica España.
9 (RLIN) 167034
700 1# - ENTRADA AGREGADA--NOMBRE PERSONAL
Nombre de persona Paillette, Adrien.
9 (RLIN) 167035
852 ## - LOCALIZACIÓN
Ubicación ES-MaACL
Número de control de estantería B-8925(2)
Nota libre .- Legado de Federico de Botella y de Hornos
-- .- Encuadernado en un vol. facticio agrupado con el nombre en el lomo: España, geología, memorias y documentos varios 9 a 19
Holdings
Estatus retirado Estado de pérdida Estado de daño No para préstamo Colección Biblioteca de origen Biblioteca actual Ubicación en estantería Fecha de adquisición Fuente de adquisición Total de préstamos Signatura topográfica completa Código de barras Visto por última vez Precio de reemplazo Tipo de ítem Koha
        Libros del s. XIX Biblioteca del Ateneo de Madrid Biblioteca del Ateneo de Madrid Sala Pardo Bazán 16/05/2019     B-8925(2) 1200520 23/02/2023 23/02/2023 Libro impreso antiguo